The tyrannicide's reception : Texans respond to Lincoln's assassination /

Bibliographic Details
Main Author: Barr, John
Format: Thesis Microform Book
Language:English
Published: [Place of publication not identified] : [publisher not identified] ; 1988
Subjects:

MARC

Tag First Indicator Second Indicator Subfields
LEADER 00000cam a2200000 a 4500
001 in00001205607
005 20151002074203.0
007 he bm||||b|c|
008 910314s1989 xx bb 000 0 eng d
035 |a (OCoLC)23245693 
035 |9 AGP0668AM 
040 |a IYU  |c IYU  |d UtOrBLW 
049 |a TXAM 
090 |a E457.5  |b .B377x 1988a 
099 |a fiche  |a C  |a 17518 
100 1 |a Barr, John. 
245 1 4 |a The tyrannicide's reception :  |b Texans respond to Lincoln's assassination /  |c by John Barr. 
264 1 |a [Place of publication not identified] :  |b [publisher not identified] ;  |c 1988 
264 4 |c ©1989 
300 |a 103 pages 
336 |a text  |b txt  |2 rdacontent 
337 |a microform  |b h  |2 rdamedia 
338 |a microfiche  |b he  |2 rdacarrier 
502 |b M.A.  |c University of Houston-Clear Lake  |d 1988. 
504 |a Bibliography: pages 98-103. 
533 |a Microfiche.  |b Ann Arbor, Mich. :  |c University Microfilms,  |d 1989.  |e 2 microfiches ; 11 x 15 cm. 
539 |a s  |b 1990  |d miu  |e n 
500 |a Microform. 
600 1 0 |a Lincoln, Abraham,  |d 1809-1865  |x Assassination  |x Public opinion. 
650 0 |a Public opinion  |z Texas. 
651 0 |a Texas  |x History  |y Civil War, 1861-1865. 
999 |a MARS 
999 f f |s 6c2671b6-ad36-3f50-b521-a4db648c4af8  |i 564f8699-f25a-3db0-bcb7-db64e7475a5e  |t 0 
952 f f |p default  |a Texas A&M University  |b College Station  |c Sterling C. Evans Library  |d Evans: Microforms (3rd floor)  |t 0  |e fiche C 17518  |h Other scheme  |i microform -- microfiche 
998 f f |a fiche C 17518  |t 0  |l Evans: Microforms (3rd floor)